| 000 | 01111nam a2200253 a 4500 | ||
|---|---|---|---|
| 003 | BD-RjUL | ||
| 005 | 20250722113700.0 | ||
| 008 | 250722s2023 bg a|||| m||| 00| 0 eng d | ||
| 035 | _a(BD-RjUL) | ||
| 040 |
_aBD-RjUL _beng _cBD-RjUL _dBD-RjUL |
||
| 041 | _aeng | ||
| 082 |
_223 _a597.0954922 _bSHC 2023 |
||
| 100 |
_aShikha, Sadicunnahar _916172 |
||
| 245 | 1 | 0 |
_aComparative Studies on Fish diversity in the Chalan Beel before and after Establishment of Fish Sanctuary / _cBy Sadicunnahar Shikha ; _6Supervisor : Md. Delwer Hossain ; Co-Supervisor : Dil Afroza Khanom |
| 260 |
_aRajshahi : _bDepartment of Fisheries, University of Rajshahi, _c2023 |
||
| 300 |
_axi, 43 Leaves : _bill, ; _c29 cm. |
||
| 502 | _aThesis (M. Phil.) -- Department of Fisheries Faculty of Fisheries, University of Rajshahi, 2023 | ||
| 504 | _aReferences : Leaves 38-43 | ||
| 650 |
_aFishes _xVariation _zBangladesh, Natore, Chalan Beel _916169 |
||
| 650 |
_aFreshwater fishes _zBangladesh _916170 |
||
| 700 |
_aHossain, Md. Delwer, Supervisor _97831 |
||
| 700 |
_aKhanom, Dil Afroza, Co-Supervisor : _916168 |
||
| 942 |
_2ddc _cTHE |
||
| 999 |
_c84094 _d84094 |
||